1549 1723 1955 1697 1898 1835 1738 1190 1739 1219 1424 1321 1217 1078 1150 1272 1379 1802 1133 1934 1779 1146 1161 1684 1935 1637 1214 1406 1368 1925 1974 1217 1191 1687 1518 1356 1388 1815 1840 1449 1401 1133 1043 1046 1023 1931 1168 1350 1167 1685 1658 1984 1544 1595 1296 1158 1129 1313 1832 1585 1332 1852 1665 1860 1239 1518 1586 1943 1300 1514 1581 1295 1965 1883 1969 1651 1985 1801 1706 1481 1205 1842 1501 1922 1320 1398 1108 1611 1302 1870 1963 1571 1024 1595 1033 1674 1075 1030 1299 BCNSPRNW ULIB Ver.6.0+V

เปลี่ยนเป็นภาษาไทย

Change to English
 แสดงรายละเอียดบรรณานุกรม
  กลับหน้าหลัก

Brief Record : Get Marc (ISO 2709) : E-mail record : QR code < ปิดหน้าต่าง
LEADER : 00000nam 2200000uu 4500
001    13399123540
003     ULIB
008    141005s2556||||th 000 0 tha d
020    9786167410449
060  4 ^aWA292^bต392
100 0  ^aติยะ ช้างไผ่
245 10 ^aคู่มือปฐมพยาบาลเบื้องต้น ฉบับการ์ตูน/^cเรื่อง ติยะ ช้างไผ่; ภาพ วิริเดียน ; บรรณาธิการ กานต์ธิดา บัวพัน
260    ^aกรุงเทพฯ :^bเพชรประกาย,^c2556
300    ^a208 หน้า :^bภาพประกอบ
500    ^aชื่อเรื่องจากปกนอก
650  7 ^aปฐมพยาบาล
650  7 ^aบาดแผลและบาดเจ็บ^xการรักษา
650  7 ^aบาดแผลและบาดเจ็บ^xการพยาบาล
650  7 ^aภาวะฉุกเฉินทางการแพทย์
700 0  ^aวิริเดียน,^eภาพประกอบ
700 0  ^aกานต์ธิดา บัวพัน,^eบรรณาธิการ
945    ^p250^l0^i21046
945    ^p250^l0^i21047
945    ^p250^l0^i21048
945    ^p250^l0^i21049
945    ^p250^l0^i21050
945    ^p250^l0^i21051
945    ^p250^l0^i21052
945    ^p250^l0^i21053
945    ^p250^l0^i21054
945    ^p250^l0^i21055
999    ^aทศพร เกษรทอง
รายการนี้ยังไม่มีแท็ก
คุณยังไม่ได้ล็อกอิน คุณสามารถมีกิจกรรมร่วมกับเว็บไซต์ได้ แต่ต้องล็อกอินก่อน ::
  ล็อกอิน

รายการสื่อสารสนเทศ

ลำดับที่ ประเภท เลขเรียก/บาร์โค้ด สถานที่ สถานะ
1. วิทยาศาสตร์การแพทย์ และสุขภาพ
วิทยาศาสตร์การแพทย์ และสุขภาพ
สถานะ=หนังสือเก่า
WA292 ต392 ฉ.1 
  Barcode: 21046
ห้องสมุดวิทยาเขตนครสวรรค์
►ส่วนจัดเก็บหนังสือเก่า นว.
บนชั้น
  ขอยืม
2. วิทยาศาสตร์การแพทย์ และสุขภาพ
วิทยาศาสตร์การแพทย์ และสุขภาพ
สถานะ=หนังสือเก่า
WA292 ต392 ฉ.10 
  Barcode: 21055
ห้องสมุดวิทยาเขตนครสวรรค์
►ส่วนจัดเก็บหนังสือเก่า นว.
บนชั้น
  ขอยืม
3. วิทยาศาสตร์การแพทย์ และสุขภาพ
วิทยาศาสตร์การแพทย์ และสุขภาพ
สถานะ=หนังสือเก่า
WA292 ต392 ฉ.2 
  Barcode: 21047
ห้องสมุดวิทยาเขตนครสวรรค์
►ส่วนจัดเก็บหนังสือเก่า นว.
บนชั้น
  ขอยืม
4. วิทยาศาสตร์การแพทย์ และสุขภาพ
วิทยาศาสตร์การแพทย์ และสุขภาพ
สถานะ=หนังสือเก่า
WA292 ต392 ฉ.3 
  Barcode: 21048
ห้องสมุดวิทยาเขตนครสวรรค์
►ส่วนจัดเก็บหนังสือเก่า นว.
บนชั้น
  ขอยืม
5. วิทยาศาสตร์การแพทย์ และสุขภาพ
วิทยาศาสตร์การแพทย์ และสุขภาพ
สถานะ=หนังสือเก่า
WA292 ต392 ฉ.4 
  Barcode: 21049
ห้องสมุดวิทยาเขตนครสวรรค์
►ส่วนจัดเก็บหนังสือเก่า นว.
บนชั้น
  ขอยืม
6. วิทยาศาสตร์การแพทย์ และสุขภาพ
วิทยาศาสตร์การแพทย์ และสุขภาพ
สถานะ=หนังสือเก่า
WA292 ต392 ฉ.5 
  Barcode: 21050
ห้องสมุดวิทยาเขตนครสวรรค์
►ส่วนจัดเก็บหนังสือเก่า นว.
บนชั้น
  ขอยืม
7. วิทยาศาสตร์การแพทย์ และสุขภาพ
วิทยาศาสตร์การแพทย์ และสุขภาพ
สถานะ=หนังสือเก่า
WA292 ต392 ฉ.6 
  Barcode: 21051
ห้องสมุดวิทยาเขตนครสวรรค์
►ส่วนจัดเก็บหนังสือเก่า นว.
บนชั้น
  ขอยืม
8. วิทยาศาสตร์การแพทย์ และสุขภาพ
วิทยาศาสตร์การแพทย์ และสุขภาพ
สถานะ=หนังสือเก่า
WA292 ต392 ฉ.7 
  Barcode: 21052
ห้องสมุดวิทยาเขตนครสวรรค์
►ส่วนจัดเก็บหนังสือเก่า นว.
บนชั้น
  ขอยืม
9. วิทยาศาสตร์การแพทย์ และสุขภาพ
วิทยาศาสตร์การแพทย์ และสุขภาพ
สถานะ=หนังสือเก่า
WA292 ต392 ฉ.8 
  Barcode: 21053
ห้องสมุดวิทยาเขตนครสวรรค์
►ส่วนจัดเก็บหนังสือเก่า นว.
บนชั้น
  ขอยืม
10. วิทยาศาสตร์การแพทย์ และสุขภาพ
วิทยาศาสตร์การแพทย์ และสุขภาพ
สถานะ=หนังสือเก่า
WA292 ต392 ฉ.9 
  Barcode: 21054
ห้องสมุดวิทยาเขตนครสวรรค์
►ส่วนจัดเก็บหนังสือเก่า นว.
บนชั้น
  ขอยืม

รายการใกล้เคียง
    ผู้แต่ง [ติยะ ช้างไผ่]

    หัวเรื่อง [ปฐมพยาบาล]
    หัวเรื่อง [ภาวะฉุกเฉินทางการแพทย์]

BibComment


ยังไม่เคยถูกคอมเมนท์

คอมเมนท์ทรัพยากรรายการนี้
  คอมเมนท์: คู่มือปฐมพยาบาลเ..


 Copyright 2026. Bcnsprnw @Library